| 000 | 00529nam a22001937a 4500 | ||
|---|---|---|---|
| 005 | 20251108164017.0 | ||
| 008 | 250721s1996 xx 000 0 ara d | ||
| 082 | 1 | 4 | _a005.43/منص |
| 100 | 1 | _aمنصور، عوض | |
| 245 | 1 | 0 | _aويرد 6 العربي / |
| 246 | 1 | 1 | _amicrosoft arabic : word 6 |
| 264 | 1 |
_aاربد : _bدار الأمل، _c1996. |
|
| 300 | _a256ص. | ||
| 650 | 1 | 7 | _aالحواسيب |
| 650 | 1 | 7 | _aبرامج الحاسوب |
| 700 | 1 | _aأبو النور، محمد | |
| 942 |
_2ddc _cBK |
||
| 999 |
_c1367 _d1367 |
||